000 00854nam a2200253Ia 4500
003 GCL
008 140319s9999 xx 000 0 ara d
040 _aGCL /
_cGCL
082 0 4 _a708.962
_bم م
100 1 _aالمركز القومى للفنون التشكيلية
245 1 0 _aمتحف الفن المصرى الحديث /
_cالمركز القومى للفنون التشكيلية
260 _a[S.N] :
_bصندوق التنمية الثقافية ،
_c1992
300 _a145 ص ؛
_c24سم
650 0 4 _aمصر
650 0 4 _aالاثار
650 0 4 _aالفن
650 0 4 _aالتماثيل
650 0 4 _aاللوحات المجرده
650 0 4 _aالرسامون المصريون
650 0 4 _aاللوحات الفنية
650 0 4 _aالتحف
650 0 4 _aمتحف الفن المصرى الحديث
942 _2ddc
_cBK
999 _c32539
_d32539